zpět

Detail výsledku týmu

A-Sport, Hradec Králové

Datum a čas kvízu

31.5 Celkem bodů Celkový počet nahraných bodů na tomto kvízu bez doplňovacích otázek.
6. Pořadí na kvízu Konečné umístění týmu na tomto kvízu.

Zaznamenané odpovědi

# Otázka Odpověď Body Výsledky
1. Co bylo hlavní motivací kavárn... C 1
2. Kterým dvěma politikům praskla... Andrej Babiš, Emmanuel Macron 1
3. Který hororový snímek získal v... Hříšníci/Sinners 0
4. Nápojářská skupina Kofola zaví... Nobilis Tilia 1
5. Ve kterém sportu povede nově č... A 0
6. Jak se jmenuje italský horolez... Reinhold Messner 1
7. Jak se trojslovně jmenuje disc... lezení na obtížnost 1
8. Jak se jedním slovem nazývá ho... mačky 1
9. Po půl bodu můžete získat, kdy... El Capitan, Yosemite 1
10. Jak se jmenuje fenomenální slo... B) Janja Garnbret 0